000 00691nam a22002177a 4500
003 UA-OsUOA
001 128907
007 ta
008 20180201b un ||||| |||| 00| 0 ukr d
100 _aМялковська В.
090 _a82
_bМ99
942 _cSA
040 _aUA-OsUOA
_bukr
_cUA-OsUOA
_dUA-OsUOA
245 _aФілософія мовного образу європейського українця в прозі І. С. Нечуя-Левицького
300 _aС.77-86
955 _a0
041 _aukr
080 _a82
773 0 _w128905
_tУкраїнська мова
_dК.
_d2017
_g3
650 7 _a82 Література. Літературознавство
_2UDC
999 _c416662
_d416662